00325nam a2200145Ia 45000030006000000080041000060400015000471000025000622450014000872500007001012600034001083000006001425460014001480050017001620STCL150530s9999 xx 000 0 und d aSTCLcSTCL aVasudevan Nair, M.T. aBandhanam a10 bCurrent Booksc1995aKottayam a0 aMalayalam20220125171637.0